Využitie metódy Six Sigma v manažmente rizika diplomová práca

Saved in:
Bibliographic Details
Main Author: Sedláček, Juraj
Corporate Author: Fakulta podnikového manažmentu EU. Katedra podnikovohospodárska
Other Authors: Rybárová, Daniela, 1967-
Format: Book
Language:Slovak
Published: Bratislava 2014
Tags: Add Tag
No Tags, Be the first to tag this record!

MARC

LEADER 00000nbm a2200000 4500
001 0187994
005 20170201092253.4
041 0 |a slo 
044 |a SK 
245 1 0 |a Využitie metódy Six Sigma v manažmente rizika  |b diplomová práca  |c Juraj Sedláček ; školiteľ: Daniela Rybárová 
264 1 |a Bratislava  |c 2014 
300 |a 72 s. 
100 1 |a Sedláček, Juraj 
700 1 |a Rybárová, Daniela, 1967- 
710 2 |a Fakulta podnikového manažmentu EU. Katedra podnikovohospodárska